| 000 | 00569nam a22001817a 4500 | ||
|---|---|---|---|
| 003 | CEME | ||
| 005 | 20210628205717.0 | ||
| 008 | 210316b xxu||||| |||| 00| 0 eng d | ||
| 020 | _a0-89006-192-0 | ||
| 040 | _c. | ||
| 082 | _a621.3678 ULA | ||
| 100 |
_aUlaby, Fawwaz T Fung, Adrian K Moore, Richard K _976775 |
||
| 245 | _aMicrowave remote sensing active and passive from theory to applications | ||
| 260 |
_aLONDON _bARTECH HOUSE _c1990 |
||
| 300 | _a2162P, VOL-III | ||
| 650 |
_aREMOTE SENSING-EQUIPMENT AND SUPPLIES NICROWAVE DEVICES _976776 |
||
| 942 |
_cBK _2ddc |
||
| 999 |
_c582106 _d582106 |
||